Score 0/60 Timer 12:00
0 Plays Today
% Correct
At the Car Wash
76.4%
Get That Bigfoot Outa My Face
74.7%
I, Brobot
73.6%
De Plane! De Plane!
72.3%
Oh, There You Are, Perry
72.1%
The Baljeatles
71.6%
Flop Starz
69.2%
Put That Putter Away
68.1%
Tip of the Day
67.9%
Unfair Science Fair Redux
67.5%
Don't Even Blink
67%
Attack of the 50 Foot Sister
66.4%
Ladies and Gentlemen, Meet Max Modem!
63.5%
Greece Lightning
62.9%
Does This Duck Bill Make Me Look Fat?
61.8%
Out to Launch
61.8%
Got Game?
60.5%
Rollercoaster: The Musical!
60.3%
It's a Mud, Mud, Mud, Mud World
60.3%
Bully Bromance Breakup
59.8%
Dude, We're Getting the Band Back Together
59.6%
Gaming the System
59%
Chez Platypus
59%
Jerk De Soliel
58.3%
Hide and Seek
58.1%
Doofapus
57.6%
Journey to the Center of Candace
57.6%
Nerdy Dancin'
56.1%
Vanessassary Roughness
55.9%
The Chronicles of Meap
55.9%
% Correct
Ask a Foolish Question
55.2%
Last Train to Bustville
54.4%
Doof Dynasty
50.4%
No More Bunny Business
49.8%
Wizard of Odd
49.6%
The Lake Nose Monster
49.6%
Magic Carpet Ride
48.9%
Perry Lays an Egg
48.5%
Phineas and Ferb-Busters
47.2%
I Scream, You Scream
45.4%
Buford Confidential
44.1%
Phineas and Ferb: Mission Marvel
43.9%
Lotsa Latkes
43.9%
Brain Drain
42.6%
Robot Rodeo
40%
The Magnificent Few
39.3%
Comet Kermillian
39.3%
Picture This
38.4%
Backyard Aquarium
38.4%
It's About Time!
38%
The Monster of Phineas-n-Ferbenstein
33.4%
Thaddeus and Thor
33.4%
Swiss Family Phineas
31.4%
One Good Scare Ought to Do It!
31.4%
Interview With a Platypus
30.6%
Tree to Get Ready
30.3%
Bubble Boys
29.9%
Phineas and Ferb Get Busted!
26.2%
Oil on Candace
25.8%
Primal Perry
24.7%
Remove Ads.
Support Sporcle.
Get the best of Sporcle when you Go Orange. This ad-free experience offers more features, more stats, and more fun while also helping to support Sporcle. Thank you for becoming a member.

You're not logged in!

Compare scores with friends on all Sporcle quizzes.
OR
Log In

Show Comments

Extras

Top Quizzes Today


Score Distribution

Your Account Isn't Verified!

In order to create a playlist on Sporcle, you need to verify the email address you used during registration. Go to your Sporcle Settings to finish the process.

Report this User

Report this user for behavior that violates our Community Guidelines.

Details: